Plants make friends too (Record no. 54773)
[ view plain ]
| 000 -LEADER | |
|---|---|
| fixed length control field | 01180nam a22002537a 4500 |
| 005 - DATE AND TIME OF LATEST TRANSACTION | |
| control field | 20110803135844.0 |
| 010 ## - LCCN (DPL NO) | |
| LC control number | B-437512-513 |
| 020 ## - INTERNATIONAL STANDARD BOOK NUMBER | |
| International Standard Book Number | 8183280250 |
| Terms of availability | 50.00 |
| 020 ## - INTERNATIONAL STANDARD BOOK NUMBER | |
| International Standard Book Number | 9788183280259 |
| Terms of availability | 50.00 |
| 035 ## - SYSTEM CONTROL NUMBER | |
| System control number | B-437512-513 |
| 037 ## - SOURCE OF ACQUISITION | |
| Source of stock number/acquisition | Allied/DE/2010/CR/0003015/31.3.11/293/24.3.11/191/31.3.11 |
| 082 ## - DEWEY DECIMAL CLASSIFICATION NUMBER | |
| Classification number | 582.13 |
| 100 ## - MAIN ENTRY--PERSONAL NAME | |
| Personal name | Dutta, Sukanya |
| 245 ## - TITLE STATEMENT | |
| Title | Plants make friends too |
| Statement of responsibility, etc | by Sukanya Dutta |
| Remainder of title | a collection of prose translation |
| 260 ## - PUBLICATION, DISTRIBUTION, ETC. (IMPRINT) | |
| Place of publication, distribution, etc | New Delhi |
| Name of publisher, distributor, etc | Wisdom Tree |
| Date of publication, distribution, etc | 2008. |
| 270 ## - ADDRESS | |
| Address | 4779/23, Ansari Road |
| City | New Delhi |
| Postal code | 110002 |
| 300 ## - PHYSICAL DESCRIPTION | |
| Extent | 61 p. |
| Dimensions | 18 cm (Pbk) |
| Other physical details | ill |
| 490 ## - SERIES STATEMENT | |
| Series statement | Fun with science |
| -- | 31044 |
| 700 ## - ADDED ENTRY--PERSONAL NAME | |
| 9 (RLIN) | 31020 |
| 942 ## - ADDED ENTRY ELEMENTS (KOHA) | |
| Source of classification or shelving scheme | Dewey Decimal Classification |
| Item type | English Books |
| Classification part | 582.13 |
| Call number suffix | DUT |
| Withdrawn status | Lost status | Not for loan | Collection code | Home library | Current library | Date acquired | Source of acquisition | Cost, normal purchase price | Full call number | Barcode | Copy number | Cost, replacement price | Koha item type |
|---|---|---|---|---|---|---|---|---|---|---|---|---|---|
| Non-fiction | Central Library | Central Library | 04/08/2011 | Allied/DE/2010/CR/0003015/31.3.11/293/24.3.11/191/31.3.11 | 50.00 | 582.13 DUT | B-437512 | 1 | 50.00 | English Books | |||
| Non-fiction | Sarojini Nagar | Sarojini Nagar | 04/08/2011 | Allied/DE/2010/CR/0003015/31.3.11/293/24.3.11/191/31.3.11 | 50.00 | 582.13 DUT | B-437513 | 1 | 50.00 | English Books |
